00624nam a22002057a 4500001000500000005001700005020001800022040002900040082000800069100001700077245007700094260003500171300002200206490002200228505000700250520008900257521002600346521001700372700002900389219420231114115829.0 a9780545238069 aFISKHbengcFISKHdFISKH a813 aCooper, John aFirst day /cDewey Does Story by John Cooper Illustrations by Sid Blaize aNew York :bScholastic, c2004 a94 pages :c19 cm aA Dewey Does book aM  aCome inside the mind of nine year old Dewey Does and find out what's it really like. a700 bLexile estimate aM bRaz-Plus aBlaize, SideIllustrator